Embedded software development for safety-critical systems (Record no. 5194)

MARC details
000 -LEADER
fixed length control field 00742nam a22002537a 4500
003 - CONTROL NUMBER IDENTIFIER
control field OSt
005 - DATE AND TIME OF LATEST TRANSACTION
control field 20220107122814.0
008 - FIXED-LENGTH DATA ELEMENTS--GENERAL INFORMATION
fixed length control field 160519b xxu||||| |||| 00| 0 eng d
020 ## - INTERNATIONAL STANDARD BOOK NUMBER
International Standard Book Number 9781498726702
040 ## - CATALOGING SOURCE
Transcribing agency IIITMK
082 ## - DEWEY DECIMAL CLASSIFICATION NUMBER
Classification number 005.18 HOB/E
100 ## - MAIN ENTRY--PERSONAL NAME
Personal name Hobbs, Chris
9 (RLIN) 9619
245 ## - TITLE STATEMENT
Title Embedded software development for safety-critical systems
Statement of responsibility, etc. Chris Hobbs
260 ## - PUBLICATION, DISTRIBUTION, ETC.
Place of publication, distribution, etc. Boca Raton,
Name of publisher, distributor, etc. CRC Press,
Date of publication, distribution, etc. 2016.
300 ## - PHYSICAL DESCRIPTION
Extent xx, 343p.
650 ## - SUBJECT ADDED ENTRY--TOPICAL TERM
Topical term or geographic name entry element COMPUTER SCIENCE
9 (RLIN) 9620
650 ## - SUBJECT ADDED ENTRY--TOPICAL TERM
Topical term or geographic name entry element SOFTWARE ENGINEERING
9 (RLIN) 9621
650 ## - SUBJECT ADDED ENTRY--TOPICAL TERM
Topical term or geographic name entry element EMBEDDED SYSTEMS
9 (RLIN) 9622
650 ## - SUBJECT ADDED ENTRY--TOPICAL TERM
Topical term or geographic name entry element COMPUTER SECURITY
9 (RLIN) 9623
650 ## - SUBJECT ADDED ENTRY--TOPICAL TERM
Topical term or geographic name entry element SAFETY-CRITICAL SYSTEMS
9 (RLIN) 10511
650 ## - SUBJECT ADDED ENTRY--TOPICAL TERM
Topical term or geographic name entry element SYSTEM SAFETY
9 (RLIN) 10512
650 ## - SUBJECT ADDED ENTRY--TOPICAL TERM
Topical term or geographic name entry element SOFTWARE RELIABILITY
9 (RLIN) 10513
942 ## - ADDED ENTRY ELEMENTS (KOHA)
Source of classification or shelving scheme Dewey Decimal Classification
Koha item type Books
Holdings
Withdrawn status Lost status Source of classification or shelving scheme Damaged status Not for loan Collection code Home library Current library Shelving location Date acquired Cost, normal purchase price Total Checkouts Full call number Barcode Date last seen Price effective from Koha item type
    Dewey Decimal Classification     Embedded Systems Kerala University of Digital Sciences, Innovation and Technology Knowledge Centre Kerala University of Digital Sciences, Innovation and Technology Knowledge Centre Computer Science 19/05/2016 3489.00   005.18 HOB/E 4505 03/12/2020 19/05/2016 Books